NLSUI OPAC header image

Rethinking institutional analysis and development issues : Alternatives and choices (Record no. 3845)

MARC details
000 -LEADER
fixed length control field 00586nam a2200157Ia 4500
008 - FIXED-LENGTH DATA ELEMENTS--GENERAL INFORMATION
fixed length control field 160316s1988 xxu||||| |||| 00| 0 eng d
082 ## - DEWEY DECIMAL CLASSIFICATION NUMBER
Classification number 303.400000
Item number OST
100 ## - MAIN ENTRY--PERSONAL NAME
Personal name Ostrom Vincent
245 ## - TITLE STATEMENT
Title Rethinking institutional analysis and development issues : Alternatives and choices
250 ## - EDITION STATEMENT
Edition statement
260 ## - PUBLICATION, DISTRIBUTION, ETC.
Place of publication, distribution, etc. California
Name of publisher, distributor, etc. Institute for Contemporary Studies
Date of publication, distribution, etc. 1988
300 ## - PHYSICAL DESCRIPTION
Extent 486p.
Other physical details 20 cm
Dimensions xvi
365 ## - TRADE PRICE
Price amount $12.95
650 ## - SUBJECT ADDED ENTRY--TOPICAL TERM
Topical term or geographic name entry element 1.Economic Development - Socio-political Aspects <br/>2.Institution Building - Developing Countries - Economic Policy
700 ## - ADDED ENTRY--PERSONAL NAME
Personal name Feeny David
-- Picht Hartmut
Holdings
Withdrawn status Lost status Damaged status Not for loan Home library Current library Shelving location Date acquired Cost, normal purchase price Total Checkouts Full call number Barcode Date last seen Price effective from Koha item type
        . .   30.05.2017 12.95   303.4 OST 4012 30.05.2017 30.05.2017 BOOKs